Statistics for Toronto Maple Leafs head coaches

Click here to take the quiz!

General Stats

  • This quiz has been taken 141 times
    (30 since last reset)
  • The average score is 13 of 43

Answer Stats

Hint Answer % Correct
2015-2019Mike Babcock
100%
2019-presentSheldon Keefe
96%
1998-2006Pat Quinn
81%
2012-2015Randy Carlyle
74%
2008-2012Ron Wilson
67%
1992-1996Pat Burns
67%
2006-2008Paul Maurice
63%
1959-1969Punch Imlach
56%
1977-1979Roger Neilson
44%
1973-1977Red Kelly
41%
1940-1950Hap Day
37%
2015Peter Horachek
37%
1979-1980Floyd Smith
37%
1927-1930Conn Smythe
33%
1988-1989George Armstrong
33%
1986-1989John Brophy
33%
1932-1940Dick Irvin
30%
1953-1956King Clancy
26%
1984-1986Dan Maloney
22%
1996-1998Mike Murphy
22%
1995-1996Nick Beverley
22%
1990-1992Tom Watt
22%
1989-1990Doug Carpenter
15%
1980-1984Mike Nykoluk
15%
1980-1981Joe Crozier
15%
1969-1973John McLellan
15%
1930-1931Art Duncan
11%
1979-1980Dick Duff
11%
1919-1920Frank Heffernan
11%
1926-1927Alex Romeril
11%
1956-1957Howie Meeker
11%
1920-1921Frank Carroll
11%
1950-1953Joe Primeau
11%
1917-1919Dick Carroll
11%
1926-1927Mike Rodden
7%
1957-1959Billy Reay
7%
1924-1926Eddie Powers
7%
1922-1924Charles Querrie
7%
1919-1920Harry Sproule
7%
1921-1922George O'Donohue
4%

Score Distribution

Percentile by Number Answered

Percent of People with Each Score

Your Score History

You have not taken this quiz since the last reset